[Event "Benidorm op U2300 03rd"]
[Site "Benidorm"]
[Date "2004.11.23"]
[Round "5"]
[White "Mihailovs, Jurijs"]
[Black "Martinez Tormo, Jorge"]
[Result "1-0"]
[WhiteElo "2212"]
[BlackElo "2240"]
[PlyCount "106"]
[EventDate "2004.11.19"]
[EventType "swiss"]
[EventRounds "9"]
[EventCountry "ESP"]
[SourceTitle "CBM 103 Extra"]
[Source "ChessBase"]
[SourceDate "2005.01.01"]
[SourceVersion "1"]
[SourceVersionDate "2005.01.01"]
[SourceQuality "1"]

1. d4 d5 2. c4 e6 3. Nc3 Nf6 4. cxd5 exd5 5. Bg5 Be7 6. e3 Nbd7 7. Nf3 0-0 8. Qc2 c6 9. Bd3 Re8 10. h3 Nf8 11. 0-0-0 Be6 12. Kb1 Rc8 13. Ne5 N8d7 14. Bf4 Nxe5 15. Bxe5 b5 16. Rc1 a6 17. Rhd1 Qb6 18. g4 Red8 19. Bf5 g6 20. Bxe6 fxe6 21. f4 c5 22. Qf2 cxd4 23. Bxd4 Bc5 24. h4 Bxd4 25. exd4 Rc4 26. h5 Rdc8 27. hxg6 hxg6 28. Qe3 b4 29. Ne2 Rxc1+ 30. Rxc1 Rxc1+ 31. Nxc1 Qb5 32. Qd3 Qb8 33. Ne2 a5 34. Kc2 Kf7 35. Kd2 Nd7 36. f5 exf5 37. gxf5 Nf6 38. fxg6+ Kg7 39. Qf5 Qh2 40. Qf4 Ne4+ 41. Kd3 Qh3+ 42. Kc2 Qc8+ 43. Kb1 Kxg6 44. Qe3 Qg4 45. Qd3 Qf5 46. Kc2 Qf7 47. Kb3 Qf6 48. Ka4 Qb6 49. Nf4+ Kf5 50. Nxd5 Qc6+ 51. Qb5 Qc2+ 52. Kxa5 Qxb2 53. Nxb4+ Kg4 1-0

[Event "Benidorm op U2300 03rd"]
[Site "Benidorm"]
[Date "2004.11.21"]
[Round "3"]
[White "Arpa Pardo, Emilio"]
[Black "Martinez Tormo, Jorge"]
[Result "0-1"]
[WhiteElo "2087"]
[BlackElo "2240"]
[PlyCount "128"]
[EventDate "2004.11.19"]
[EventType "swiss"]
[EventRounds "9"]
[EventCountry "ESP"]
[SourceTitle "CBM 103 Extra"]
[Source "ChessBase"]
[SourceDate "2005.01.01"]
[SourceVersion "1"]
[SourceVersionDate "2005.01.01"]
[SourceQuality "1"]

1. c4 c5 2. Nf3 Nc6 3. Nc3 d6 4. d4 cxd4 5. Nxd4 g6 6. e4 Bg7 7. Be3 Nf6 8. Be2 0-0 9. 0-0 Bd7 10. f3 a6 11. Rc1 Rc8 12. Qd2 Nxd4 13. Bxd4 Bc6 14. Rfd1 Nd7 15. Bxg7 Kxg7 16. Qd4+ Kg8 17. b4 b6 18. Rd2 Rc7 19. Nd1 Qb8 20. Ne3 Nf6 21. Rdc2 Rfc8 22. e5 dxe5 23. Qxe5 Rd7 24. Qxb8 Rxb8 25. b5 axb5 26. cxb5 Bb7 27. Nc4 Nd5 28. Ne5 Rdd8 29. Nc6 Bxc6 30. bxc6 Nc7 31. a4 Rd4 32. Rc4 Rd2 33. R1c2 Rbd8 34. Kf2 Kf8 35. Rxd2 Rxd2 36. Ke3 Rd6 37. f4 Nd5+ 38. Kf3 Nc7 39. Kf2 Ke8 40. Bf3 Kd8 41. Rb4 Nd5 42. Bxd5 Rxd5 43. Rxb6 Rd4 44. Ke3 Rxa4 45. Rb8+ Kc7 46. Rb7+ Kd6 47. Rd7+ Ke6 48. g4 f5 49. gxf5+ gxf5 50. Rd8 Rc4 51. Rh8 Rxc6 52. Rxh7 Kd6 53. Rh6+ e6 54. Rh7 Rc3+ 55. Ke2 Kd5 56. Rd7+ Ke4 57. Rd6 Re3+ 58. Kf2 Kxf4 59. h4 e5 60. h5 Rh3 61. h6 Kg5 62. Re6 e4 63. Re8 Rxh6 64. Rg8+ Kf4 0-1